000 00366nam a22001577a 4500
005 20160624120424.0
008 160624b xxu||||| |||| 00| 0 eng d
041 _aeng
082 _b9788
100 _aBangia, R.K.
_9533
245 _aNegotiable Intruments Act
260 _bAllahabad Law Agency
_c2004
300 _a183
650 _aManagement
_9241
942 _cBK
999 _c3815
_d3814